00803nam a2200205 a 450000100100000000500170001000800410002702000180006804000250008608200190011110000400013024501580017026000390032830000210036750000730038865000240046165000270048570000370051270000480054900004357820250227073855.0140326s2014 dr 000 0 spa d a9789945583472 aDO-SdBNPbspacBNPHU aRD861.5bM545e1 aMenieur, Luis R. de Jesús,d1926-10aEstrofas montecristeñas /cLuis Rafael de Jesús Menieur ; edición Ida Hernández Caamaño con la colaboración de José Alcántara Almánzar. aSanto Domingo :bSantuario,c2014. a112 p. ;c23 cm. aIncluye datos biográficos del autor en las solapas de la cubierta. 0aPoesía dominicana 0aLiteratura dominicana.12aHernández Caamaño, Ida,eed.12aAlcántara Almánzar, Joséd1946-ecol.